[Event "Open Chessmaster"]
[Site "SchemingMind.com"]
[Date "2007.12.11"]
[Round "-"]
[White "santosh"]
[Black "ivan"]
[Result "0-1"]
[WhiteCountry "IND"]
[BlackCountry "CRO"]
[WhiteElo "1642"]
[WhiteRD "107"]
[BlackElo "1711"]
[BlackRD "67"]
[GameID "132838"]

1. e4 e5 2. Nf3 Nc6 3. c3 Nf6 4. d3 Be7 5. Nbd2 O-O 6. Nc4 d5 7. exd5 Nxd5 8. Ncxe5 Nxe5 9. Nxe5 Re8 10. Qf3 Bf6
0-1

[Event "Open Chessmaster"]
[Site "SchemingMind.com"]
[Date "2007.12.27"]
[Round "-"]
[White "Schaakmaatje"]
[Black "Konan_Kaddosh"]
[Result "0-1"]
[WhiteCountry "NED"]
[BlackCountry "ITA"]
[WhiteElo "1746"]
[WhiteRD "45"]
[BlackElo "2480"]
[BlackRD "58"]
[GameID "134551"]

1. e4 c5 2. f4 e6 3. Nf3 d5 4. Nc3 dxe4 5. Nxe4 Nc6 6. Bb5 Bd7 7. O-O Nf6 8. d3 Be7 9. Bd2 a6 10. Bxc6 Bxc6
0-1

[Event "Open Chessmaster"]
[Site "SchemingMind.com"]
[Date "2007.12.27"]
[Round "-"]
[White "Konan_Kaddosh"]
[Black "Schaakmaatje"]
[Result "1-0"]
[WhiteCountry "ITA"]
[BlackCountry "NED"]
[WhiteElo "2480"]
[WhiteRD "58"]
[BlackElo "1746"]
[BlackRD "45"]
[GameID "134560"]

1. e4 e5 2. Nf3 Nc6 3. Bb5 a6 4. Ba4 Nf6 5. O-O b5 6. Bb3 Bc5 7. a4 Bb7 8. d3 O-O 9. Nc3 b4 10. Nd5 d6
11. Bg5
1-0

[Event "Open Chessmaster"]
[Site "SchemingMind.com"]
[Date "2007.12.28"]
[Round "-"]
[White "Theodoric"]
[Black "smothered mate"]
[Result "0-1"]
[WhiteCountry "ENG"]
[BlackCountry "POL"]
[WhiteElo "1812"]
[WhiteRD "60"]
[BlackElo "1947"]
[BlackRD "57"]
[GameID "134725"]

1. e4 c5 2. c3 e6 3. d4 cxd4 4. cxd4 d5 5. e5 Nc6 6. Bb5 Qb6 7. Bxc6+ bxc6 8. Ne2 Bb4+ 9. Bd2 Ba6 10. O-O Bxd2
11. Qxd2 Bxe2 12. Qxe2 Qxd4 13. Rc1 Ne7 14. Nc3 Kd7 15. Rd1 Qb6 16. Na4 Qb5 17. Qxb5 cxb5 18. Nc5+ Kd8 19. Rac1 Ng6 20. Nb7+ Kd7
21. Nc5+ Ke7 22. Nd3 Rac8 23. b3 a5 24. f4 b4 25. g3 Rc3 26. Nc5 Rc8 27. Rxc3 bxc3 28. Na4 Nf8 29. Kf2 Nd7 30. Ke3 Nb8
31. Rc1 Nc6 32. a3 Rb8 33. Nc5 Rb5
0-1

[Event "Open Chessmaster"]
[Site "SchemingMind.com"]
[Date "2007.12.25"]
[Round "-"]
[White "29A"]
[Black "Andoni Zabala"]
[Result "1-0"]
[WhiteCountry "CAN"]
[BlackCountry "INT"]
[WhiteElo "1832"]
[WhiteRD "78"]
[BlackElo "1648"]
[BlackRD "129"]
[GameID "134727"]

1. e4 c6 2. d4 d5 3. Nc3 dxe4 4. Nxe4 Nf6 5. Nxf6+ gxf6 6. Nf3 Bg4 7. Be2 e6 8. h3 Bh5 9. O-O Qc7 10. Be3 Nd7
11. Re1 O-O-O 12. c3 e5 13. Qb3 exd4 14. cxd4 Kb8 15. Rac1 Qb6 16. Qa4 h6 17. a3 Bg6 18. b4 Qc7 19. d5 Be4 20. Bxa7+ Kc8
21. dxc6 Bxc6 22. Bb5 Nb6 23. Bxb6 Qxb6 24. Bxc6 Kb8 25. Qb5 Qa7 26. Nd4 Bd6 27. Bxb7 Qxd4 28. Bf3+ Ka7 29. Qb7#
1-0

[Event "Open Chessmaster"]
[Site "SchemingMind.com"]
[Date "2008.01.05"]
[Round "-"]
[White "flodur"]
[Black "egis"]
[Result "1-0"]
[WhiteCountry "AUS"]
[BlackCountry "LTU"]
[WhiteElo "2086"]
[WhiteRD "87"]
[BlackElo "1954"]
[BlackRD "77"]
[GameID "134728"]

1. e4 c5 2. Nf3 e6 3. d4 cxd4 4. Nxd4 Nf6 5. Nc3 d6 6. g4 Be7 7. g5 Nfd7 8. h4 O-O 9. Be3 d5 10. exd5 exd5
11. Nf5 Nb6 12. Nxg7 Kxg7 13. Bd4+ Kg8 14. Qh5 Bf5 15. Qh6 f6 16. Rg1 Kf7 17. O-O-O Nc6 18. gxf6 Bxf6 19. Rg7+ Ke8 20. Re1+ Be7
21. Bc5 Rf7 22. Rg8+ Kd7 23. Rxd8+ Rxd8 24. Bxb6 axb6 25. Nxd5 Bc5 26. Bb5 Bg6 27. h5 Bf5 28. Rd1 Rdf8 29. Nxb6+ Kc7 30. Nd5+ Kb8
31. Bxc6 bxc6 32. Qxc6 Rc8 33. Qa4 Bxf2 34. Qf4+ Kb7 35. Qxf2 Rxc2+ 36. Qxc2 Bxc2 37. Kxc2 Rf5 38. h6 Rh5 39. Nf6 Rxh6 40. Nxh7 Rxh7
41. Rd3 Rh4 42. a3 Rc4+ 43. Rc3 Rh4 44. b4 Ka6 45. Kb3 Rh1 46. Rg3 Kb6 47. Rg6+ Kc7 48. Ka4 Kd7 49. Ka5 Ke7 50. a4 Rb1
51. b5 Kf7 52. Rg4 Ke6 53. Ka6 Kf5 54. Rh4 Kg5 55. Rc4 Kf6 56. b6 Ke6 57. b7 Kf7 58. Rc8 Kg7 59. b8=Q Rxb8 60. Rxb8 Kf6
61. Rb5 Ke6 62. Kb6 Kf6 63. a5
1-0

[Event "Open Chessmaster"]
[Site "SchemingMind.com"]
[Date "2007.12.27"]
[Round "-"]
[White "smothered mate"]
[Black "Theodoric"]
[Result "1-0"]
[WhiteCountry "POL"]
[BlackCountry "ENG"]
[WhiteElo "1984"]
[WhiteRD "74"]
[BlackElo "1834"]
[BlackRD "59"]
[GameID "134731"]

1. e4 e6 2. c4 d5 3. cxd5 exd5 4. Qb3 d4 5. Bc4 Qe7 6. Nf3 Qxe4+ 7. Kd1 Ne7 8. Bxf7+ Kd8 9. d3 Qg4 10. Bg5 Qxg2
11. Qd5+ Nd7 12. Rg1 Qxf2 13. Nxd4 Qxg1+ 14. Kc2 Qxd4 15. Qxd4 b6 16. Nc3 Bb7 17. Re1 Rc8 18. Qxg7
1-0

[Event "Open Chessmaster"]
[Site "SchemingMind.com"]
[Date "2007.12.25"]
[Round "-"]
[White "Andoni Zabala"]
[Black "29A"]
[Result "0-1"]
[WhiteCountry "INT"]
[BlackCountry "CAN"]
[WhiteElo "1626"]
[WhiteRD "127"]
[BlackElo "1840"]
[BlackRD "73"]
[GameID "134733"]

1. e4 c5 2. Nf3 d6 3. d4 cxd4 4. Nxd4 Nf6 5. Nc3 e6 6. Be2 a6 7. Be3 Nbd7 8. O-O b5 9. a3 Bb7 10. Bf3 Be7
11. h4 Nc5 12. h5 Nfxe4 13. Nxe4 Bxe4 14. b4 Bxf3 15. Qxf3 Nd7 16. Nc6 Qc7 17. Nxe7 Kxe7 18. c3 Ne5 19. Qg3 Rhg8 20. Rfd1 Nc4
21. h6 gxh6 22. Qh4+ f6 23. Qxh6 Kf7 24. Rd4 Nxe3 25. Qxe3 Rg6 26. Rad1 Rag8 27. g3 d5 28. Kf1 Rg5 29. Rh4 R8g7 30. Ke2 Re5
0-1

[Event "Open Chessmaster"]
[Site "SchemingMind.com"]
[Date "2008.01.05"]
[Round "-"]
[White "egis"]
[Black "flodur"]
[Result "1/2-1/2"]
[WhiteCountry "LTU"]
[BlackCountry "AUS"]
[WhiteElo "1973"]
[WhiteRD "76"]
[BlackElo "2122"]
[BlackRD "83"]
[GameID "134734"]

1. e4 c5 2. Nf3 d6 3. d4 cxd4 4. Nxd4 Nf6 5. Nc3 a6 6. Bd3 g6 7. O-O Bg7 8. Bg5 O-O 9. Bxf6 Bxf6 10. Nde2 Nc6
11. a4 Qa5 12. Qd2 Qc5 13. b3 Bg4 14. Rae1 Bg5 15. Qd1 Ne5 16. Nd5 e6 17. Ndc3 Nf3+ 18. gxf3 Bxf3 19. Bc4 Bf4 20. Bd5 exd5
21. Nxd5 Be5 22. Qd3 Bxe2 23. Rxe2 Rae8 24. c4 Kh8 25. Re3 f5 26. exf5 Rxf5 27. Re4 Ref8 28. Ne3 Rf3 29. Qd1 Qc8 30. Ng4 Qf5
31. Nxe5 dxe5 32. Qe2 Qg5+ 33. Kh1 R3f5 34. Rg1 Qf6 35. Rg2 Rd8 36. Re3 Qd6 37. Rg1 Kg7 38. Re1 Kf6 39. Qg4 Qc6+ 40. f3 Rf4
41. Qh3 h5 42. Qg2 Rf5 43. h3 Rd4 44. Qe2 Qd6 45. Qf2 Rdf4 46. Qe2 Rh4 47. Qf1 Rd4 48. Qf2 Kg7 49. R1e2 Kh6 50. Kg2 Rg5+
51. Kh1 Rd1+ 52. Re1 Qd4 53. h4 Rf5 54. Kg2 Rd2 55. R1e2 Rd1=
1/2-1/2

[Event "Open Chessmaster"]
[Site "SchemingMind.com"]
[Date "2007.12.29"]
[Round "-"]
[White "griffimv"]
[Black "Erhaem"]
[Result "1-0"]
[WhiteCountry "INT"]
[BlackCountry "NED"]
[WhiteElo "2351"]
[WhiteRD "80"]
[BlackElo "1981"]
[BlackRD "71"]
[GameID "134880"]

1. e4 c5 2. Nf3 d6 3. d4 cxd4 4. Nxd4 Nf6 5. Nc3 a6 6. Be3 e5 7. Nb3 Be6 8. f3 Be7 9. Qd2 O-O 10. O-O-O Qc7
11. g4 Rc8 12. g5 Nh5 13. Kb1 Nd7 14. Nd5 Bxd5 15. exd5 a5 16. a3 a4 17. Nc1 Nb6 18. Rg1 Nc4 19. Bxc4 Qxc4 20. Rg4 Qc7
21. Qd3 b5 22. Na2 Rab8 23. Nb4 Rb7 24. Nc6 Qd7 25. Rb4 Bf8 26. Rxb5 Rxb5 27. Qxb5 Qh3 28. Qe2 Ra8 29. Rg1 Qd7 30. Rg4 g6
31. Qd3 f5 32. gxf6 Nxf6 33. Rb4 Qf7 34. Rb5 Bg7 35. h4 Rf8 36. Ra5 Nh5 37. Bg5 Qxf3 38. Qxf3 Rxf3 39. Rxa4 Rf1+ 40. Ka2 Ng3
41. Ra8+ Rf8 42. Rxf8+ Bxf8 43. a4 h6 44. a5 hxg5 45. hxg5 e4 46. a6
1-0

[Event "Open Chessmaster"]
[Site "SchemingMind.com"]
[Date "2007.12.24"]
[Round "-"]
[White "kisei"]
[Black "the_ether_76"]
[Result "1-0"]
[WhiteCountry "HUN"]
[BlackCountry "USA"]
[WhiteElo "2108"]
[WhiteRD "79"]
[BlackElo "1820"]
[BlackRD "78"]
[GameID "134882"]

1. e4 e5 2. Nf3 Nc6 3. Bb5 a6 4. Ba4 Nf6 5. O-O Bc5 6. Nxe5 Nxe5 7. d4 Bd6 8. dxe5 Bxe5 9. Re1 O-O 10. Nd2 d6
11. Nf3 Ng4 12. h3 Nf6 13. Nxe5 dxe5 14. Bg5 Qxd1 15. Raxd1 c6 16. Bxf6 gxf6 17. Bb3 a5 18. Re3 a4 19. Rg3+ Kh8 20. Bxf7 Bxh3
21. Bc4 Bc8 22. Rd6 f5 23. Rg5 fxe4 24. Rxe5 Bf5 25. Be6 Bg6 26. Bg4 Rfd8 27. Rxd8+ Rxd8 28. Re7 h5 29. Bh3 Rd1+ 30. Kh2 Rd2
31. Kg3 h4+ 32. Kxh4 Rxc2 33. Rxb7 Rxf2 34. Kg5= Bh7 35. Rb8+ Kg7 36. Rb7+= Kh8 37. Rb8+ Kg7 38. Rb7+ Kg8 39. Rb8+ Rf8 40. Rxf8+ Kxf8
41. Kf4 Ke7 42. a3
1-0

[Event "Open Chessmaster"]
[Site "SchemingMind.com"]
[Date "2007.12.25"]
[Round "-"]
[White "gannet"]
[Black "ajedrez perfecto"]
[Result "1-0"]
[WhiteCountry "GBR"]
[BlackCountry "BAH"]
[WhiteElo "2011"]
[WhiteRD "116"]
[BlackElo "1848"]
[BlackRD "73"]
[GameID "134883"]

1. c4 e5 2. g3 d5 3. Bg2 c6 4. cxd5 cxd5 5. d4 e4 6. Nc3 Nc6 7. Nh3 Be7 8. O-O h6 9. Nf4 Nf6 10. f3 exf3
11. Bxf3
1-0

[Event "Open Chessmaster"]
[Site "SchemingMind.com"]
[Date "2007.12.29"]
[Round "-"]
[White "Erhaem"]
[Black "griffimv"]
[Result "0-1"]
[WhiteCountry "NED"]
[BlackCountry "INT"]
[WhiteElo "2055"]
[WhiteRD "74"]
[BlackElo "2348"]
[BlackRD "80"]
[GameID "134889"]

1. d4 d5 2. Nf3 Nf6 3. Bg5 Ne4 4. Bd2 c5 5. e3 cxd4 6. exd4 Nc6 7. Bb5 g6 8. O-O Bg7 9. Ne5 Qb6 10. Nc3 O-O
11. Nxc6 bxc6 12. Nxe4 dxe4 13. Ba4 Bxd4 14. c3 Bf6 15. Bb3 Rd8 16. Qc2 Bf5 17. Be3 Qa6 18. Rfd1 Rd3 19. Re1 Rc8 20. Qe2 c5
21. g4 Bd7 22. Bc2 c4 23. g5 Be5 24. Bxd3 cxd3 25. Qf1 Bg4 26. Bd2 Qb7 27. Qg2 Bf3 28. Qh3 e6 29. Rab1 Qd5 30. a4 Qb3
31. Rec1 a5 32. Qf1 Rc4 33. Be3 Rxa4 34. Qe1 Qb8 35. Kf1 Bd4 36. Kg1 Qe5 37. Qf1 Qf5
0-1

[Event "Open Chessmaster"]
[Site "SchemingMind.com"]
[Date "2007.12.25"]
[Round "-"]
[White "paddyBosnian"]
[Black "Lazaro"]
[Result "1-0"]
[WhiteCountry "BIH"]
[BlackCountry "CUB"]
[WhiteElo "2011"]
[WhiteRD "90"]
[BlackElo "1507"]
[BlackRD "47"]
[GameID "134890"]

1. d4 Nf6 2. c4 e6 3. Nf3 b6 4. a3 Bb7 5. Nc3 d5 6. cxd5 Nxd5 7. Qc2 Nxc3 8. bxc3 c5 9. e4 Nc6 10. Qa4 Bd6
11. Bb5
1-0

[Event "Open Chessmaster"]
[Site "SchemingMind.com"]
[Date "2007.12.25"]
[Round "-"]
[White "the_ether_76"]
[Black "kisei"]
[Result "0-1"]
[WhiteCountry "USA"]
[BlackCountry "HUN"]
[WhiteElo "1698"]
[WhiteRD "82"]
[BlackElo "2093"]
[BlackRD "71"]
[GameID "134891"]

1. e4 c5 2. Nc3 Nc6 3. f4 d6 4. Nf3 g6 5. d4 cxd4 6. Nxd4 Bg7 7. Be3 Nf6 8. Bb5 Bd7 9. O-O O-O 10. Qd2 Nxd4
11. Bxd4 Bxb5 12. Nxb5 Nxe4 13. Qd3 Nc5 14. Qe3 Bxd4 15. Nxd4 Qb6 16. f5 e5 17. fxg6 fxg6 18. Nf3 Qxb2 19. Qh6 Rf5 20. Ng5 Qd4+
21. Kh1 Rxg5 22. Qxg5 Ne4 23. Qh4 Re8 24. Rad1 Qc4 25. Rd3 d5 26. Rdf3 Nd2 27. Qxc4 dxc4 28. Re1 Nxf3 29. gxf3 Kf7
0-1

[Event "Open Chessmaster"]
[Site "SchemingMind.com"]
[Date "2007.12.25"]
[Round "-"]
[White "ajedrez perfecto"]
[Black "gannet"]
[Result "0-1"]
[WhiteCountry "BAH"]
[BlackCountry "GBR"]
[WhiteElo "1834"]
[WhiteRD "72"]
[BlackElo "2086"]
[BlackRD "97"]
[GameID "134892"]

1. e4 e6 2. c4 d5 3. exd5 exd5 4. d4 Nf6 5. Nc3 Nc6 6. Nf3 Be7 7. Ne5 O-O 8. Be2 Be6 9. Nxc6 bxc6 10. c5 Qd7
11. Bf4 Rab8 12. b3 Rfe8 13. O-O Bf5
0-1

[Event "Open Chessmaster"]
[Site "SchemingMind.com"]
[Date "2007.12.28"]
[Round "-"]
[White "josecapa"]
[Black "Chess_Man01"]
[Result "0-1"]
[WhiteCountry "JAM"]
[BlackCountry "GBR"]
[WhiteElo "2025"]
[WhiteRD "86"]
[BlackElo "2283"]
[BlackRD "55"]
[GameID "134969"]

1. d4 c6 2. c4 d5 3. Nf3 Nf6 4. e3 e6 5. Nbd2 Bd6 6. Bd3 O-O 7. O-O Nbd7 8. b3 e5 9. dxe5 Nxe5 10. Nxe5 Bxe5
11. Rb1 Qd6 12. f4 Bc3 13. Bb2 Bxb2 14. Rxb2 Bg4 15. Qc2 Rfe8 16. e4 dxe4 17. Nxe4 Nxe4 18. h3 Qd4+
0-1

[Event "Open Chessmaster"]
[Site "SchemingMind.com"]
[Date "2007.12.28"]
[Round "-"]
[White "Chess_Man01"]
[Black "josecapa"]
[Result "1-0"]
[WhiteCountry "GBR"]
[BlackCountry "JAM"]
[WhiteElo "2283"]
[WhiteRD "55"]
[BlackElo "2025"]
[BlackRD "86"]
[GameID "134982"]

1. e4 c6 2. d4 d5 3. e5 Bf5 4. Be3 Qb6 5. Qc1 e6 6. a4 Nd7 7. Nf3 a5 8. Be2 c5 9. O-O Bg6 10. Nc3 c4
11. Nb5 Ne7 12. Nd6+ Kd8 13. Ng5 Nf5 14. Ngxf7+ Bxf7 15. Nxf7+ Ke8 16. Nxh8
1-0

[Event "Open Chessmaster"]
[Site "SchemingMind.com"]
[Date "2007.12.30"]
[Round "-"]
[White "jtrochez1"]
[Black "Bjorno84"]
[Result "0-1"]
[WhiteCountry "HON"]
[BlackCountry "USA"]
[WhiteElo "1455"]
[WhiteRD "54"]
[BlackElo "1940"]
[BlackRD "107"]
[GameID "135091"]

1. e4 c5 2. Nf3 d6 3. d4 cxd4 4. Nxd4 Nf6 5. Nc3 g6 6. h3 Bg7 7. Nb3 O-O 8. Rb1 Nc6 9. a3 Be6 10. Be3 Bxb3
11. cxb3 a6 12. Bd3 Nd7 13. O-O Nd4 14. Bxd4 Bxd4 15. Ne2 Be5 16. Qd2 Rc8 17. Rbc1 Nc5 18. Bc2 Bxb2 19. Rb1 Bxa3 20. b4 Nd7
21. Bd1 Nf6 22. Ng3 Qb6 23. Rb3 Bc1 24. Qe2 Bf4 25. Qf3 Bxg3 26. Qxg3 Nxe4 27. Qd3 Nf6 28. Bf3 Nd7 29. Qe3 Rc7 30. Qxb6 Nxb6
31. b5 axb5 32. Rxb5 Nd7 33. Rxb7 Rxb7 34. Bxb7 Rb8 35. Bf3 e6 36. Rd1 d5 37. Be2 Rb6 38. Kf1 Rd6 39. f4 f5 40. g4 fxg4
41. hxg4 Kf7 42. g5 e5 43. fxe5 Nxe5 44. Ra1 Ke6 45. Ra6 Rxa6 46. Bxa6 Nf3 47. Bc8+ Ke5 48. Ke2 Nxg5 49. Kd3 h5 50. Bd7 h4
51. Ke3 d4+ 52. Kf2 Ne4+ 53. Ke2 g5 54. Kd3 Nc5+
0-1

[Event "Open Chessmaster"]
[Site "SchemingMind.com"]
[Date "2007.12.28"]
[Round "-"]
[White "ansts"]
[Black "sidra"]
[Result "0-1"]
[WhiteCountry "PHI"]
[BlackCountry "HUN"]
[WhiteElo "1521"]
[WhiteRD "111"]
[BlackElo "1699"]
[BlackRD "88"]
[GameID "135092"]

1. d4 d5 2. e3 a6 3. Nf3 e6 4. c4 dxc4 5. Bxc4 b5 6. Be2 c6 7. a3 f6 8. O-O Bd6 9. Nc3 Ne7 10. Ne4 Bc7
11. Qb3 Nd5 12. Bd2 a5 13. Nc5 a4 14. Qc2 O-O 15. Rac1 Bd6 16. Ne4 e5 17. Nxd6 exd4 18. exd4 Qxd6 19. Bd3 g6 20. Bh6 f5
0-1

[Event "Open Chessmaster"]
[Site "SchemingMind.com"]
[Date "2007.12.30"]
[Round "-"]
[White "Bjorno84"]
[Black "jtrochez1"]
[Result "1-0"]
[WhiteCountry "USA"]
[BlackCountry "HON"]
[WhiteElo "1910"]
[WhiteRD "101"]
[BlackElo "1556"]
[BlackRD "53"]
[GameID "135098"]

1. d4 d5 2. Nf3 Nc6 3. Bf4 Nf6 4. e3 e6 5. c4 h6 6. Nc3 a6 7. Ne5 Bd7 8. Nxd7 Qxd7 9. a3 Bd6 10. Bxd6 Qxd6
11. c5 Qe7 12. Qb3 Rb8 13. Qa4 O-O 14. Bxa6 Ra8 15. Qb5 Rxa6 16. Qxb7 Nb8 17. Nb5 Ne4 18. Qxc7 Nxf2 19. Qxe7
1-0

[Event "Open Chessmaster"]
[Site "SchemingMind.com"]
[Date "2007.12.28"]
[Round "-"]
[White "sidra"]
[Black "ansts"]
[Result "1-0"]
[WhiteCountry "HUN"]
[BlackCountry "PHI"]
[WhiteElo "1699"]
[WhiteRD "88"]
[BlackElo "1521"]
[BlackRD "111"]
[GameID "135099"]

1. d4 e6 2. e3 d5 3. a3 c5 4. c4 Nf6 5. f3 Nc6 6. dxc5 Bxc5 7. b4 Bb6 8. c5 Bc7 9. Bb2 O-O 10. Bd3 Ne5
11. Ne2 a5 12. b5 Nc4 13. Bxc4 dxc4 14. O-O Bd7 15. b6 Bb8 16. e4 Qe7 17. Bd4 a4 18. Nbc3 Bc6 19. Qc2 Rd8 20. e5 Nd7
21. Ne4
1-0

[Event "Open Chessmaster"]
[Site "SchemingMind.com"]
[Date "2008.02.05"]
[Round "-"]
[White "Bury"]
[Black "Shaka"]
[Result "0-1"]
[WhiteCountry "POL"]
[BlackCountry "VEN"]
[WhiteElo "1561"]
[WhiteRD "90"]
[BlackElo "1744"]
[BlackRD "73"]
[GameID "140339"]

1. e4 c6 2. Bc4 d5 3. exd5 cxd5 4. Bb5+ Nc6 5. Nf3 Bg4 6. h3 Bxf3 7. Qxf3 e5 8. Qe3 Bd6 9. Nc3 Nf6 10. Qg3 O-O
11. d3 e4 12. Qg5 exd3 13. Bxd3 Re8+ 14. Ne2 Nb4 15. O-O Nxd3 16. cxd3 Rxe2 17. Be3 Rxb2 18. Qf5 Rc8 19. Rfc1 Rcc2 20. Bd4 Rxa2
21. Bxa7 Rxa7 22. d4 Rxa1 23. Rxa1 Qc8 24. Qd3 Rc1+ 25. Rxc1 Qxc1+ 26. Qf1 Qxf1+
0-1

[Event "Open Chessmaster"]
[Site "SchemingMind.com"]
[Date "2008.02.05"]
[Round "-"]
[White "Shaka"]
[Black "Bury"]
[Result "1-0"]
[WhiteCountry "VEN"]
[BlackCountry "POL"]
[WhiteElo "1744"]
[WhiteRD "73"]
[BlackElo "1561"]
[BlackRD "90"]
[GameID "140345"]

1. e4 e5 2. Nf3 Nc6 3. Bc4 h6 4. c3 Nf6 5. d3 Bc5 6. O-O d6 7. b4 Bb6 8. h3 O-O 9. a4 a5 10. b5 Ne7
11. Na3 c6 12. Rb1 Bc5 13. d4 exd4 14. cxd4 Bb6 15. Re1 Bd7 16. Qb3 c5 17. Bf4 Bc7 18. dxc5 d5 19. Bxc7 Qxc7 20. exd5 Qxc5
21. Rbd1 Rfe8 22. d6 Ned5 23. Rxe8+ Rxe8 24. Bxd5 Be6 25. Bxe6 Rxe6 26. d7 Rd6 27. d8=Q+ Rxd8 28. Rxd8+ Kh7 29. Qc2+ Qxc2 30. Nxc2
1-0

[Event "Open Chessmaster"]
[Site "SchemingMind.com"]
[Date "2008.02.13"]
[Round "-"]
[White "smothered mate"]
[Black "jake"]
[Result "1-0"]
[WhiteCountry "POL"]
[BlackCountry "USA"]
[WhiteElo "1964"]
[WhiteRD "53"]
[BlackElo "1090"]
[BlackRD "95"]
[GameID "141584"]

1. e4 e6 2. c4 Qf6 3. Nc3 Bc5 4. Nf3 Bxf2+ 5. Kxf2 b6 6. d4 Nc6 7. Bg5 Qg6 8. Bd3 f6 9. e5 f5 10. h4 Nb4
11. Be2 Nh6 12. a3 Ng4+ 13. Kg3 Bb7 14. axb4 O-O 15. h5 f4+ 16. Kxg4 Qf5+ 17. Kh4 d6 18. Bd3 Be4 19. Bxe4 Qf7 20. Qd3 g6
21. hxg6 hxg6 22. Bxg6 Qg7 23. Kg4 dxe5 24. Rh7 e4 25. Rxg7+ Kxg7 26. Qxe4 Rf5 27. Qxe6 Raf8 28. Bxf5
1-0

[Event "Open Chessmaster"]
[Site "SchemingMind.com"]
[Date "2008.02.13"]
[Round "-"]
[White "jake"]
[Black "smothered mate"]
[Result "0-1"]
[WhiteCountry "USA"]
[BlackCountry "POL"]
[WhiteElo "1010"]
[WhiteRD "101"]
[BlackElo "1947"]
[BlackRD "57"]
[GameID "141596"]

1. Nf3 g6 2. b3 Bg7 3. d4 c5 4. dxc5 Bxa1 5. Nc3 Bxc3+ 6. Bd2 Bg7 7. e3 Nf6 8. Ne5 O-O 9. Bc4 Nc6 10. Nxc6 dxc6
11. O-O e5 12. f4 Bg4 13. Qa1 Qxd2 14. fxe5 Qxe3+ 15. Kh1 Ne4 16. Bxf7+ Rxf7 17. Rd1 Nf2+ 18. Kg1 Nh3+ 19. Kh1 Qg1+ 20. Rxg1 Nf2#
0-1

[Event "Open Chessmaster"]
[Site "SchemingMind.com"]
[Date "2008.05.18"]
[Round "-"]
[White "Konan_Kaddosh"]
[Black "griffimv"]
[Result "1-0"]
[WhiteCountry "ITA"]
[BlackCountry "INT"]
[WhiteElo "2598"]
[WhiteRD "63"]
[BlackElo "2243"]
[BlackRD "85"]
[GameID "154610"]

1. b3 e5 2. Bb2 Nc6 3. e3 Nf6 4. Bb5 Bd6 5. Na3 Na5 6. Be2 a6 7. Nf3 Qe7 8. Nc4 Nxc4 9. bxc4 O-O 10. O-O b6
11. d3 Bb7 12. a4 e4 13. Nd2 Qe6 14. a5 exd3 15. cxd3 b5 16. cxb5 axb5 17. Bf3 c6 18. h3 Bc7 19. Nb3 Qd6 20. g3 b4
21. e4 Qe7 22. Re1 Rab8 23. a6 Ba8 24. a7 Rb7 25. Nd4 g6 26. Qd2 Be5 27. Nf5 gxf5 28. exf5 d6 29. d4 Rb5 30. Qg5+ Kh8
31. Rac1 Nd5 32. Qxe7 Nxe7 33. dxe5 d5 34. f6 Ng6 35. e6 Kg8 36. Bg4 Re8 37. e7 Rb7 38. Rxc6 Rxa7 39. Rc8 Rxc8 40. Bxc8 Bc6
41. Bd4 Rxe7 42. fxe7
1-0

[Event "Open Chessmaster"]
[Site "SchemingMind.com"]
[Date "2008.05.18"]
[Round "-"]
[White "griffimv"]
[Black "Konan_Kaddosh"]
[Result "0-1"]
[WhiteCountry "INT"]
[BlackCountry "ITA"]
[WhiteElo "2327"]
[WhiteRD "95"]
[BlackElo "2618"]
[BlackRD "66"]
[GameID "154616"]

1. e4 c5 2. Nf3 Nc6 3. d4 cxd4 4. Nxd4 e5 5. Nb5 d6 6. N1c3 a6 7. Na3 b5 8. Nd5 Nf6 9. Bg5 Be7 10. Bxf6 Bxf6
11. c3 Bg5 12. Nc2 O-O 13. a4 bxa4 14. Rxa4 a5 15. Bc4 Rb8 16. b3 Kh8 17. O-O f5 18. exf5 Bxf5 19. Nce3 Bg6 20. Re1 Qd7
21. g3 Bd8 22. Rf1 Ne7 23. Nxe7 Qxe7 24. Qd2 Qd7 25. Rd1 Rf6 26. Bd5 Bb6 27. Rf1 Rbf8 28. Ng4 Rf5 29. Be4 Rh5 30. Bxg6 hxg6
31. Qd5 Rc8 32. Rc4 Rxc4 33. Qxc4 d5 34. Qe2 e4 35. c4 Kh7 36. Re1 dxc4 37. bxc4 Rg5 38. Ne3 Bc5 39. Qc2 Qe8 40. Ra1 Bxe3
41. fxe3 Qc6 42. Kg2 Rd5 43. Kg1 Rc5 44. Ra4 g5 45. h3 Kh6 46. g4 Rd5 47. Qe2 Rd3 48. Rxa5 Qd6 49. Ra1 Qg3+ 50. Qg2 Qxe3+
51. Qf2 Qf4 52. Qxf4 gxf4 53. Re1 Rd4 54. c5 Rc4 55. c6 g5 56. c7 e3 57. Kg2 Rxc7 58. Re2 Rc1 59. Ra2 Rd1 60. Kf3 Rg1
61. Ke4 Rh1 62. Ra6+ Kg7 63. Ra7+ Kf8 64. Ra8+ Ke7 65. Ra7+ Kd6 66. Ra6+ Kc5 67. Ra2 Rxh3 68. Rc2+ Kb4 69. Rb2+ Kc3 70. Re2 Rg3
0-1

[Event "Open Chessmaster"]
[Site "SchemingMind.com"]
[Date "2008.06.06"]
[Round "-"]
[White "29A"]
[Black "mmccaffe"]
[Result "1-0"]
[WhiteCountry "CAN"]
[BlackCountry "USA"]
[WhiteElo "1866"]
[WhiteRD "71"]
[BlackElo "1614"]
[BlackRD "52"]
[GameID "158155"]

1. e4 c5 2. Nc3 e5 3. g3 g6 4. Bg2 Bg7 5. d3 d6 6. Nge2 Nc6 7. O-O Nf6 8. h3 O-O 9. Be3 Be6 10. Qd2 a6
11. f4 b5 12. g4 Nd7 13. f5
1-0

[Event "Open Chessmaster"]
[Site "SchemingMind.com"]
[Date "2008.06.06"]
[Round "-"]
[White "mmccaffe"]
[Black "29A"]
[Result "0-1"]
[WhiteCountry "USA"]
[BlackCountry "CAN"]
[WhiteElo "1587"]
[WhiteRD "55"]
[BlackElo "1836"]
[BlackRD "80"]
[GameID "158164"]

1. e4 c5 2. Nf3 d6 3. d4 cxd4 4. Nxd4 Nf6 5. Nc3 e6 6. Bc4 Nc6 7. Bb3 Be7 8. O-O O-O 9. Nxc6 bxc6 10. Qf3 a5
11. Qg3 Kh8 12. Re1 Nd7 13. Bf4 Nc5 14. Rad1 d5 15. Na4 Nxb3 16. Qxb3 Ba6 17. c4 Bxc4 18. Qc2 Bd6 19. e5 Bb4 20. Re3 f5
21. Rg3 Rb8 22. Bg5 Qc7 23. Rd4 Qxe5 24. Rh4 Qe1#
0-1

[Event "Open Chessmaster"]
[Site "SchemingMind.com"]
[Date "2008.07.29"]
[Round "-"]
[White "kisei"]
[Black "sidra"]
[Result "0-1"]
[WhiteCountry "HUN"]
[BlackCountry "HUN"]
[WhiteElo "1893"]
[WhiteRD "66"]
[BlackElo "1722"]
[BlackRD "86"]
[GameID "165215"]

1. e4 e5 2. Nf3 d6 3. d4 exd4 4. Nxd4 a6 5. Nc3 c5 6. Nf3 h6 7. Bc4 Nc6 8. O-O b5 9. Bd5 Nge7 10. Bf4 Nxd5
11. Nxd5 Bb7 12. Re1 Ne7 13. Nxe7 Bxe7 14. e5 dxe5 15. Nxe5 Qxd1 16. Raxd1 Rc8 17. Nd3 Kf8 18. b3 f6 19. Bg3 c4 20. Nb2 cxb3
21. cxb3 Bb4 22. Bd6+ Bxd6 23. Rxd6 Kg8 24. Re7 Bc6 25. f3 Kh7 26. Nd3 Rhd8 27. Rxd8 Rxd8 28. Nb4 Rd6 29. Nxc6 Rxc6 30. Kf2 Kg6
31. g3 Rc2+ 32. Re2 Rc6 33. Ke3 f5 34. Kd4 Kf6 35. Kd5 Rc7 36. Re6+ Kf7 37. Rxa6 Rc2 38. Ke5 Rc5+ 39. Kd4 Rc2 40. Ra5 Rxh2
41. Rxb5 Rxa2 42. Rxf5+ Kg6 43. g4 h5 44. Rxh5 Rd2+ 45. Ke3 Rb2 46. Rb5 Kh6 47. f4 g6 48. f5 gxf5 49. gxf5 Kg5 50. b4 Rb3+
0-1